Online
Catalog

Huellas de Juan Bosch : (Record no. 58438)

MARC details
000 -CABECERA
campo de control de longitud fija 02023nam a2200337 i 4500
003 - IDENTIFICADOR DEL NÚMERO DE CONTROL
campo de control DO-SdBNP
005 - FECHA Y HORA DE LA ÚLTIMA TRANSACCIÓN
campo de control 20250609144346.0
007 - CAMPO FIJO DE DESCRIPCIÓN FÍSICA--INFORMACIÓN GENERAL
campo de control de longitud fija ta
008 - DATOS DE LONGITUD FIJA--INFORMACIÓN GENERAL
campo de control de longitud fija 250421b2024 dr a|||| |||| 00| 0 spa d
020 ## - NÚMERO INTERNACIONAL ESTÁNDAR DEL LIBRO
Número Internacional Estándar del Libro 9789945960695
040 ## - FUENTE DE LA CATALOGACIÓN
Centro catalogador/agencia de origen DO-SdBNP
Lengua de catalogación spa
Centro/agencia transcriptor BNPHU
Normas de descripción rda
041 ## - CÓDIGO DE LENGUA
Código de lengua del texto/banda sonora o título independiente spa
082 #4 - NÚMERO DE LA CLASIFICACIÓN DECIMAL DEWEY
Número de clasificación xxx
Número de documento/Ítem P762h
Número de edición 22
100 1# - ENTRADA PRINCIPAL--NOMBRE DE PERSONA
Nombre de persona Polanco Martínez, Jesús María
Término indicativo de función/relación autor
Código de función/relación aut.
9 (RLIN) 87213
245 10 - MENCIÓN DE TÍTULO
Título Huellas de Juan Bosch :
Resto del título polémico pensador de Las Américas. Contraste entre el escritor y el político. Un ensayo crítico /
Mención de responsabilidad, etc. Jesús María Polanco Martínez ; editor, Lennys Tejada Betancourt ; diagramación y diseño, Rafael Emilio Genao ; ilustrador, Camilo Canela.
250 ## - MENCIÓN DE EDICIÓN
Mención de edición Primera edición
264 #4 - PRODUCCIÓN, PUBLICACIÓN, DISTRIBUCIÓN, FABRICACIÓN Y COPYRIGHT
Producción, publicación, distribución, fabricación y copyright Santiago de los Caballeros, República Dominicana :
Nombre del de productor, editor, distribuidor, fabricante Editorial De la Rosa,
Fecha de producción, publicación, distribución, fabricación o copyright ©2024.
300 ## - DESCRIPCIÓN FÍSICA
Extensión 271, [9] páginas :
Otras características físicas ilustraciones ;
Dimensiones 23 cm.
336 ## - TIPO DE CONTENIDO
Término de tipo de contenido texto
Código de tipo de contenido txt
Fuente rdacontent
337 ## - TIPO DE MEDIO
Nombre/término del tipo de medio sin mediación
Código del tipo de medio n
Fuente rdamedia
338 ## - TIPO DE SOPORTE
Nombre/término del tipo de soporte volumen
Código del tipo de soporte nc
Fuente rdacarrier
504 ## - NOTA DE BIBLIOGRAFÍA, ETC.
Nota de bibliografía, etc. Bibliografía: páginas [272-279]
505 ## - NOTA DE CONTENIDO CON FORMATO
Nota de contenido con formato Prólogo, 9.-- Notas introductorias, 17.-- Publicaciones de su juventud, 23.-- El exilio de Juan Bosch, 43.-- Mirada al contenido social en los cuentos de Bosch, 51.-- Aproximación al análisis de sus obras, 63.-- Evolución de su pensamiento e ideología, 103.-- Magisterio político y organizador de masas, 135.-- Constante lucha por la toma del poder, 149.-- Postura de Bosch durante los 12 años de Balaguer, 175.-- Papel de Bosch en las elecciones de 1982, 1986, 1990 y 1994, 211.-- Actos de Bosch generadores de interrogantes, 221.-- Balance de la trayectoria de Juan Bosch, 249.-- Referencias bibliográficas, 273.
590 ## - NOTA LOCAL (RLIN)
Nota local Inventariado, 2025 /LP
590 ## - NOTA LOCAL (RLIN)
Nota local La biblioteca posee un ejemplar auto biografiados por el autor
700 1# - PUNTO DE ACCESO ADICIONAL--NOMBRE DE PERSONA
Nombre de persona Tejada Betancourt, Lennys,
Término indicativo de función/relación editor
Código de función/relación ed.
9 (RLIN) 79591
700 1# - PUNTO DE ACCESO ADICIONAL--NOMBRE DE PERSONA
Nombre de persona Genao, Rafael Emilio,
Término indicativo de función/relación diagramación y diseño
Código de función/relación di.
9 (RLIN) 88026
700 1# - PUNTO DE ACCESO ADICIONAL--NOMBRE DE PERSONA
Nombre de persona Canela, Camilo,
Término indicativo de función/relación ilustrador
Código de función/relación il.
9 (RLIN) 88027
910 ## - DATOS DE OPCIÓN DEL USUARIO (OCLC)
Datos de opción del usuario LP
942 ## - ELEMENTOS DE PUNTO DE ACCESO ADICIONAL (KOHA)
Fuente del sistema de clasificación o colocación Dewey Decimal Classification
Tipo de ítem Koha Libro
Holdings
Estado de retiro Estado de pérdida Fuente del sistema de clasificación o colocación Restricciones de uso No para préstamo Código de colección Localización permanente Ubicación/localización actual Ubicación en estantería Fecha de adquisición Fuente de adquisición Total de préstamos Signatura topográfica completa Código de barras Fecha visto por última vez Precio válido a partir de Tipo de ítem Koha Número de copia
    Dewey Decimal Classification Excluido de préstamo   Patrimonio Dominicano Biblioteca Nacional Pedro Henríquez Ureña Biblioteca Nacional Pedro Henríquez Ureña En catalogación 06.02.2025 Depósito Legal   xxx P762h 2025-1908 17.03.2025 17.03.2025 Libro  
    Dewey Decimal Classification Excluido de préstamo   Patrimonio Dominicano Biblioteca Nacional Pedro Henríquez Ureña Biblioteca Nacional Pedro Henríquez Ureña En catalogación 06.02.2025 Depósito Legal   xxx P762h 2025-1909 17.03.2025 17.03.2025 Libro e.2
    Dewey Decimal Classification Préstamo en sala   Dominicana de Servicio Biblioteca Nacional Pedro Henríquez Ureña Biblioteca Nacional Pedro Henríquez Ureña En catalogación 06.02.2025 Depósito Legal   xxx P762h 2025-1910 17.03.2025 17.03.2025 Libro e.3

Powered by Koha